000 00912nam a2200265Ia 4500
003 OSt
005 20220930081457.0
006 a|||||r|||| 00| 0
007 ta
008 220926b |||||||| |||| 00| 0 eng d
024 _a105312
037 _cTheses
040 _aCRL
_cCRL
_beng
041 _2eng
_aeng
100 _aMalhotra Nidhi
_9532617
110 _aUniversity of Delhi. Faculty of Medical Sciences. Department of Obstetrics and Gynaecology
245 0 _aFactors affecting maternal outcome in pregnant women with acute viral hepatitis
260 _c2009
650 _aWOMEN - DISEASES
700 _a Dr. Manju Puri Gu.
_9536203
700 _a Dr. Sunita Sharma Gu.
_9532700
700 _aUniversity of Delhi. Faculty of Medical Sciences. Department of Obstetrics and Gynaecology
942 _cDIS
_2CC
999 _c871510
_d871510